000 00325nam a22001337a 4500
008 171106b xxu||||| |||| 00| 0 eng d
020 _a9781934319840
041 _aeng
080 _22ND
_a330.722.6
100 _a62
101 _aKON
245 _aFINANCIAL ACCOUNTING FOR EXECUTIVES & MBAS
_cFERRIS,K,.R
942 _2udc
_cBK
999 _c37906
_d37906